| 000 | 03202cam a2200361 i 4500 | ||
|---|---|---|---|
| 999 |
_c9892 _d9892 |
||
| 001 | 757475993 | ||
| 003 | OCoLC | ||
| 005 | 20241126110721.0 | ||
| 008 | 120319s2012 miu b 001 0ceng | ||
| 010 | _a2012009033 | ||
| 020 | _a9780801033568 (hbk.) | ||
| 020 | _a080103356X (hbk.) | ||
| 035 | _a(OCoLC)757475993 | ||
| 040 |
_aDLC _beng _erda _cDLC _dIG# _dBTCTA _dBDX _dYDXCP _dKAT |
||
| 050 | 0 | 0 |
_aBS501.A1 _bH36 2012 |
| 082 | 0 | 0 |
_a220.609252 _223 _bHAN |
| 245 | 0 | 0 |
_aHandbook of women Biblical interpreters : _ba historical and biographical guide / _cMarion Ann Taylor, editor ; Agnes Choi, associate editor. |
| 264 | 1 |
_aGrand Rapids, Mich. : _bBaker Academic, _c[2012] |
|
| 264 | 4 | _c℗♭2012 | |
| 300 |
_axvii, 585 pages ; _c24 cm |
||
| 336 |
_atext _btxt _2rdacontent |
||
| 337 |
_aunmediated _bn _2rdamedia |
||
| 338 |
_avolume _bnc _2rdacarrier |
||
| 504 | _aIncludes bibliographical references and indexes. | ||
| 520 | 8 | _a"The history of women interpreters of the Bible is a neglected area of study. Marion Taylor presents a one-volume reference tool that introduces readers to a wide array of women interpreters of the Bible from the entire history of Christianity, from the early church to the twenty-first century. Her research has implications for understanding biblical interpretation--especially the history of interpretation--and influencing contemporary study of women and the Bible. Contributions by over 125 top scholars introduce foremothers of the faith who address issues of interpretation that continue to be relevant to faith communities today, such as women's roles in the church and synagogue and the idea of religious feminism. Women's interpretations also raise awareness about differences in the ways women and men may read the Scriptures in light of differences in their life experiences. This text will prove useful to students, scholars, and pastors, who will be inspired, provoked, and challenged by the women introduced in the handbook. It will also provide a foundation for further detailed research and analysis. Some of the interpreters referenced include: Elizabeth Rice Achtemeier; Birgitta of Sweden; Catherine Mumford Booth; Anne Bradstreet; Catherine of Siena; Clare of Assisi; Egeria; Elizabeth I; Hildegard of Bingen; Julian of Norwich; Thrs©± of Lisieux; Marcella; Henrietta C. Mears; Florence Nightingale; Phoebe Palmer; Faltonia Betitia Proba; Pandita Ramabai; Christina Georgina Rossetti; Dorothy Leigh Sayers; Elizabeth Cady Stanton; Harriet Beecher Stowe; Teresa of Avila; Sojourner Truth; Susanna Wesley" -- Publisher description. | |
| 630 | 0 | 0 |
_aBible _xCriticism, interpretation, etc. _xHistory. _0https://id.loc.gov/authorities/subjects/sh85013621 _91904 |
| 650 | 0 |
_aWomen Biblical scholars. _0https://id.loc.gov/authorities/subjects/sh91005364 _917202 |
|
| 655 | 7 |
_aBiographies. _2lcgft _0https://id.loc.gov/authorities/genreForms/gf2014026049 _915724 |
|
| 700 | 1 |
_aTaylor, Marion Ann. _0https://id.loc.gov/authorities/names/n92011979 _917203 |
|
| 700 | 1 |
_aChoi, Agnes. _0https://id.loc.gov/authorities/names/n2012018499 _917204 |
|
| 700 | 1 |
_aSchroeder, Joy A., _d1963- _0https://id.loc.gov/authorities/names/n2007013636 _917205 |
|
| 942 |
_2ddc _cREF |
||